000 00826nam a2200253Ia 4500
003 GCL
008 140319s9999 xx 000 0 ara d
040 _aGCL /
_cGCL
082 0 4 _a346.02
_bم ا
100 1 _aمصطفى محمد الجمال
245 1 0 _aاصول المعاملات /
_cمصطفى محمد الجمال
700 1 _aجلال على العدوى
260 _a[S.N] :
_bمؤسسة الثقافةالجامعية للطبع والنشر
300 _a418 ص
490 _a
650 0 4 _aالقانون
650 0 4 _aالعقود التجارية
650 0 4 _aالمعاملات
650 0 4 _aقانون الاجراءات المدنية
650 0 4 _aالقانون التجارى
650 0 4 _aالقانون المالى
650 0 4 _aالاخلاق القانونية
942 _2ddc
_cBK
999 _c33296
_d33296